000 01543nam0a2200289 4500
001 RU\NLR\bibl\457076
005 20250623183056.0
021 _aRU
_b2003-49793
_92403
035 _a(NLR Aleph) 000450595
090 _a871441
_c871441
100 _a20031110d2003 |||y0rusy50 ca
101 0 _arus
102 _aRU
105 _aa |||||||||
200 1 _aФасонные резцы
_eУчеб. пособие
_e[Для студентов спец. 1201 и 1202 "Технология машиностроения" и "Металлорежущие станки и инструменты"]
_fВ.К. Перевозников
_gМ-во образования Рос. Федерации, Перм. гос. техн. ун-т. Каф. металлорежущих станков и инструментов
210 _aПермь
_cПерм. гос. техн. ун-т
_d2003
215 _a39 с.
_cил.
_d21
320 _aБиблиогр.: с. 34 (5 назв.)
606 0 _aРезцы фасонные
_jРуководства, пособия и т.п. для высшей школы
_91507589
_3RU\NLR\auth\66956144
606 0 _aРезцы фасонные
_jУчебные издания для высших учебных заведений
_91507589
_3RU\NLR\auth\66956144
686 _aК630.013-562я73-1
700 1 _aПеревозников
_bВ. К.
_gВиктор Константинович
_4070
801 0 _aRU
_bNLR
_c20031110
_gPSBO
801 1 _aRU
_bNLR
_c20031110
942 _cBOOK
980 _aNB